[Event "Homenaje al tigre de mdras"]
[Site "SchemingMind.com"]
[Date "2009.01.31"]
[Round "-"]
[White "Milan"]
[Black "mikewharvey"]
[Result "0-1"]
[WhiteCountry "CZE"]
[BlackCountry "GBR"]
[WhiteElo "1834"]
[WhiteRD "62"]
[BlackElo "1900"]
[BlackRD "80"]
[GameID "189824"]

1. d4 Nf6 2. Nf3 d5 3. e3 c6 4. c4 Bg4 5. Qb3 Qc7 6. c5 Nbd7 7. Be2 e6 8. h3 Bh5 9. O-O Be7 10. Qd1 b6
11. cxb6 axb6 12. Bd2 h6 13. Bc3 Ne4 14. Nfd2 Bg6 15. Nxe4 Bxe4 16. Bd3 Nf6 17. f3 Bxd3 18. Qxd3 g5 19. e4 h5 20. e5 Nd7
21. Nd2 f5 22. exf6 Nxf6 23. Rfe1 Kd7 24. Qe3 Qd6 25. Qe5 g4 26. a3 gxh3 27. gxh3 Rag8+ 28. Kf2 Ne8 29. Rg1 Bf6 30. Qxd6+ Nxd6
31. Rxg8 Rxg8 32. Rg1 Bh4+ 33. Kf1 Rg3 34. Rxg3 Bxg3 35. Kg2 h4 36. Nf1 Bf4 37. Nd2 Nb5 38. Nb1 Nxc3 39. bxc3 e5 40. Kf2 exd4
41. cxd4 Kd6 42. Ke2 b5 43. Kd3 Bg3 44. Nc3 Ke6 45. Ne2 Bd6 46. Kc2 Bxa3 47. Nf4+ Kf5 48. Ng2 Be7 49. Kb3 Ke6 50. Nf4+ Kf5
51. Nd3 Ke6 52. Nf4+ Kf5 53. Nd3 Bf6 54. Kc3 Bg7 55. Nc5 Bf6 56. Nd3 Bh8 57. Nb4 c5 58. Nxd5 Bxd4+ 59. Kd3 Ke5
0-1

[Event "Homenaje al tigre de mdras"]
[Site "SchemingMind.com"]
[Date "2009.01.31"]
[Round "-"]
[White "aadaam"]
[Black "mikewharvey"]
[Result "0-1"]
[WhiteCountry "INT"]
[BlackCountry "GBR"]
[WhiteElo "1739"]
[WhiteRD "49"]
[BlackElo "1861"]
[BlackRD "80"]
[GameID "189825"]

1. d4 Nf6 2. c4 g6 3. Nc3 Bg7 4. Bg5 c5 5. d5 d6 6. e4 h6 7. Be3 Nbd7 8. g3 Ne5 9. f4 Neg4 10. Qd2 Nxe3
11. Qxe3 Ng4 12. Qd2 Bd4 13. Nh3 Be3 14. Qc2 Bd4 15. Be2 Ne3
0-1